00967cam a2200241 a 4500999001700000001000800017005001700025008004100042010001700083020001500100040001800115050002600133082001600159100002900175245012300204260005000327300004100377504006000418650004100478906004500519942003600564952012500600 c16313d16313350763020161109130314.0950929s1996 nyua b 001 0 eng  a 95044416  a0823015963 aDLCcDLCdDLC00aNA2542.35 b.Z45 199600a720/.472201 aZeiher, Laura C.,d1955-14aThe ecology of architecture :ba complete guide to creating the environmentally conscious building /cLaura C. Zeiher. aNew York :bWhitney Library of Design,c1996. a269 p. :bill. (some col.) ;c29 cm. aIncludes bibliographical references (p. 265) and index. 0aArchitecturexEnvironmental aspects. a7bcbccorignewd1eocipf19gy-gencatlg 2lcccBOOKShNA2542.35 .Z45 1996 00102lcc4070aMUCbMUCcGENd2016-11-09eDonation (BFA)l0oNA2542.35 .Z45 1996p21131r2019-06-10w2016-11-09yBOOKS